000 00510aam a22002171a 4500
999 _c22028
_d22028
001 YPZ91507
003 YPZ
005 20200421110933.0
008 090803|###########||||||b||||||||||spa|d
040 _cSIUNPA
041 _aspa
044 _aag
080 _a347.243 B279l
100 _aBarry, Alfredo M..
245 _aLeyes agrarias
_b/ Alfredo M. Barry
260 _aBuenos Aires
_b : Plus Ultra
_c , 1968
300 _a2 v.
650 _a DERECHO AGRARIO
650 _a ARGENTINA
942 _cBK
_2udc